Family Values : (Record no. 171291)

MARC details
000 -LEADER
fixed length control field 00581nam a2200181 4500
005 - DATE AND TIME OF LATEST TRANSACTION
control field 20200109162026.0
010 ## - LCCN (DPL NO)
LC control number ENG-127308
020 ## - INTERNATIONAL STANDARD BOOK NUMBER
International Standard Book Number 9789386078278
Terms of availability 850.00
035 ## - SYSTEM CONTROL NUMBER
System control number EN-110840
037 ## - SOURCE OF ACQUISITION
Source of stock number/acquisition DBAD/PUB
082 ## - DEWEY DECIMAL CLASSIFICATION NUMBER
Classification number 306.85
100 ## - MAIN ENTRY--PERSONAL NAME
Personal name Malik,Arpita
245 ## - TITLE STATEMENT
Title Family Values :
Statement of responsibility, etc by Arpita Malik
Remainder of title fundamental in Daily life /
260 ## - PUBLICATION, DISTRIBUTION, ETC. (IMPRINT)
Place of publication, distribution, etc Delhi
Name of publisher, distributor, etc Prakashan kendra
Date of publication, distribution, etc 2018
270 ## - ADDRESS
Address 1/11955,First Floor road no.65 Subhash Marg.
City New Delhi
Postal code 110032
Electronic mail address anamikapublishers@yahoo.co.in
300 ## - PHYSICAL DESCRIPTION
Extent 208p.
Dimensions 22cm(Hb)
942 ## - ADDED ENTRY ELEMENTS (KOHA)
Source of classification or shelving scheme Dewey Decimal Classification
Item type English Books
Classification part 306.85
Call number suffix MAl
Holdings
Withdrawn status Lost status Not for loan Collection code Home library Current library Date acquired Source of acquisition Cost, normal purchase price Full call number Barcode Copy number Cost, replacement price Koha item type
      Non-fiction Bawana Bawana 09/01/2020 DBAD/PUB 850.00 306.85 MAl EN-110840 1 850.00 English Books

© Delhi Public Library
Hit Counter
free hit counter